000 01213cem a2200397 4500
001 123177
005 20230404125641.0
007 ad canzn
008 951122s2009 cl e spa
035 _9(DLC) 95675244
035 _a262490
942 _2lcc
_ccd
010 _a 95675244
020 _a9562020525
034 0 _aa
040 _aDLC
_cDLC
043 _as-cl---
050 1 4 _aCD F
082 0 0 _a911/.83
110 2 _aInstituto Geográfico Militar (Chile)
245 1 0 _aAtlas histórico de Chile /
_cInstituto Geográfico Militar.
255 _aScales differ.
260 _aSantiago, Chile :
_bEl Instituto,
_cc2009.
300 _a30 p. :
_bcol. maps ;
_c27 cm.
500 _aCover title.
500 _a"Ministerio de Educación; Sociedad Chilena de Geografía; Banco Estado de Chile."
504 _aIncludes bibliographical references (p. [3] of cover).
651 0 _aChile
_xHistorical geography
_xMaps for children.
651 0 _aChile
_xHistory
_xMaps for children.
651 4 _aChile
_xHistoria
_vMapas.
710 1 _aChile.
_bMinisterio de Educación Pública.
710 2 _aSociedad Chilena de Geografía.
922 _aax
985 _eATLAS MIG
946 _aJaaM
999 _c1884
_d1884